[Event "Gorges op 29th"]
[Site "Gorges"]
[Date "2019.07.06"]
[Round "3"]
[White "Dimpre, Alexis"]
[Black "Deruyter, Alain"]
[Result "1-0"]
[WhiteElo "1584"]
[BlackElo "1343"]
[PlyCount "115"]
[EventDate "2019.07.05"]
[EventType "swiss"]
[EventRounds "5"]
[EventCountry "FRA"]
[SourceTitle "EXT 2020"]
[Source "ChessBase"]
[SourceDate "2019.10.17"]
[SourceVersion "1"]
[SourceVersionDate "2019.10.17"]
[SourceQuality "1"]

1. d4 d5 2. c4 e6 3. Nc3 Nf6 4. Nf3 Be7 5. Bg5 0-0 6. e3 c6 7. Bd3 Nbd7 8. 0-0 b6 9. cxd5 cxd5 10. Rc1 Bb7 11. h3 Rc8 12. Bf4 a6 13. a3 Nb8 14. b4 Re8 15. Qe2 Qd7 16. Ne5 Qd8 17. Bh2 Nc6 18. Nxc6 Bxc6 19. Bxa6 Ra8 20. Bb5 Bxb5 21. Nxb5 Rc8 22. f3 Qd7 23. Nc3 Rc4 24. Qb2 Rec8 25. Rf2 Qc6 26. Rfc2 Bd6 27. Bxd6 Qxd6 28. Nb5 Qg3 29. Rxc4 Rxc4 30. a4 Ne4 31. Rf1 Ng5 32. Kh1 Nxh3 33. gxh3 Qxh3+ 34. Kg1 Rxb4 35. Qg2 Qh4 36. Ra1 Qh6 37. f4 Qf6 38. Qg5 Qxg5+ 39. fxg5 f6 40. gxf6 gxf6 41. Kf2 h5 42. Nc7 Kf7 43. Ra3 Rc4 44. Na8 Rb4 45. Kg3 Kg6 46. Nc7 Kf7 47. Kh4 Rb1 48. Kxh5 f5 49. Kg5 Rg1+ 50. Kf4 Rf1+ 51. Ke5 Ke7 52. Nxe6 Rh1 53. Kxd5 Rh8 54. Nf4 Kf6 55. Rb3 Rd8+ 56. Kc6 Rc8+ 57. Kb7 Re8 58. Rxb6+ 1-0